| 000 | 00834nam a2200277 a 4500 | ||
|---|---|---|---|
| 999 |
_c7347 _d7347 |
||
| 001 | 7347 | ||
| 003 | BD - JhCC | ||
| 005 | 20180218094950.0 | ||
| 008 | 891108s1988 nyuac 001 0beng d | ||
| 020 | _a039545185X | ||
| 035 | _a(BD-JhCC)7347 | ||
| 040 |
_aBD-JhCC _dBD-JhCC |
||
| 041 | _aeng | ||
| 082 |
_bMAY 1988 _a973.9270924 |
||
| 100 | 1 | _aMayer, Jane. | |
| 245 | 1 | 0 |
_aLandslide : _bthe unmaking of the president, 1984-1988 / _cJane Mayer and Doyle McManus |
| 260 |
_aBoston : _bHoughton Mifflin, _c1988 |
||
| 300 |
_axi, 468 p., [8] p. of plates : _bill., ports. ; _c24 cm. |
||
| 504 | _aIncludes index | ||
| 600 | 1 | 0 | _aReagan, Ronald. |
| 650 | 0 |
_aPresidents _zUnited States _vBiography |
|
| 651 | 0 |
_aUnited States _xPolitics and government _y1981-1989 |
|
| 700 | 1 | _aMcManus, Doyle. | |
| 942 |
_2ddc _cBK |
||